Ďalšia novela zákona o obecnom zriadení

Otázky územnej samosprávy a zákon o obecnom zriadení.

Gespeichert in:
Bibliographische Detailangaben
1. Verfasser: Filko, Ján
Format: Buchkapitel
Sprache:Slowakisch
Schlagworte:
Tags: Tag hinzufügen
Keine Tags, Fügen Sie das erste Tag hinzu!

MARC

LEADER 00000naa a2200000 4500
001 0129855
005 20231208095519.6
041 0 |a slo 
044 |a SK 
245 1 0 |a Ďalšia novela zákona o obecnom zriadení  |c Ján Filko 
520 |a Otázky územnej samosprávy a zákon o obecnom zriadení. 
610 2 0 |a Slovensko 
610 2 0 |a samospráva 
610 2 0 |a zákony 
610 2 0 |a obce 
100 1 |a Filko, Ján